000 00420nam a22001577a 4500
999 _c11913
_d11913
008 210609b ||||| |||| 00| 0 eng d
020 _a9788183717168
082 _a620.106
_bRAJ
100 _aRaj, P. Purushothama
245 _aMechanics of fluids
260 _aChennai
_bScitech publications pvt. ltd.
_c2017
300 _a5.53, i.3p.
650 _aVector analysis
650 _aHydraulic engineering
942 _cBK